| 000 -LEADER |
| fixed length control field |
01844nam a22001577a 4500 |
| 008 - FIXED-LENGTH DATA ELEMENTS--GENERAL INFORMATION |
| fixed length control field |
210102b ||||| |||| 00| 0 eng d |
| 100 ## - MAIN ENTRY--PERSONAL NAME |
| Personal name |
Mzzocchi, Chiara et al |
| 245 ## - TITLE STATEMENT |
| Title |
The dimensions of agricultural diversification: A spatial analysis of Italian municipalities |
| 260 ## - PUBLICATION, DISTRIBUTION, ETC. (IMPRINT) |
| Place of publication, distribution, etc |
Rural Sociology |
| 300 ## - PHYSICAL DESCRIPTION |
| Extent |
85(2), Jun, 2020: p.316-345 |
| 520 ## - SUMMARY, ETC. |
| Summary, etc |
Diversification in agriculture could ensure the survival of farming by broadening the income base of farms and encouraging agricultural sustainability. The diversification of on‐farm activities may depend on socioeconomic and environmental characteristics. Although multifunctionality is a hotly debated topic, few papers have focused on the farm characteristics that influence diversification and none have focused on the influence of the spatial pattern. This paper examines the relationship between farm characteristics and the adoption of a specific type of diversification. An econometric model is presented that uses a spatial autoregressive lag model at the municipal scale. The results demonstrate that the activation of each diversification dimension is influenced by both internal and external factors, encompassing farmers’ characteristics, the farm structure, and territorial features, including regional and spatial patterns. Deepening is mainly influenced by the farmer’s age, education, and the presence of small and labor‐intensive farms. The key factors for broadening diversification are the presence of small farms and farms with mixed production (breeding and crop cultivation). Regrounding is most affected by the labor‐intensive farms in the area and the farms with mixed production. - Reproduced
|
| 650 ## - SUBJECT ADDED ENTRY--TOPICAL TERM |
| Topical term or geographic name as entry element |
Agriculture - Economic aspects |
| 9 (RLIN) |
22028 |
| 773 ## - HOST ITEM ENTRY |
| Main entry heading |
Rural Sociology |
| 906 ## - LOCAL DATA ELEMENT F, LDF (RLIN) |
| Subject DIP |
AGRICULTURAL DIVERSIFICATION |
| 942 ## - ADDED ENTRY ELEMENTS (KOHA) |
| Item type |
Articles |